Erase the World by Capital Quiz Stats

 Plays Quiz Updated Apr 18, 2019

Score 0/197 Timer 20:00
6 Plays Today
% Correct
???
27.1%
???
27%
???
27%
???
26.9%
???
26.9%
???
26.8%
???
26.8%
???
26.7%
???
26.6%
???
26.6%
???
26.5%
???
26.5%
???
26.5%
???
26.4%
???
26.4%
???
26.4%
???
26.4%
???
26.3%
???
26.3%
???
26.3%
???
26.3%
???
26.2%
???
26%
???
26%
???
26%
???
25.9%
???
25.8%
???
25.7%
???
25.5%
???
25.4%
???
25.4%
???
25.4%
???
25.3%
???
25.3%
???
25.2%
???
25.2%
???
25.2%
???
25.2%
???
25.1%
???
25.1%
???
24.9%
???
24.8%
???
24.8%
???
24.6%
???
24.6%
???
24.5%
???
24.3%
???
24.3%
???
24.3%
???
24.3%
???
24.3%
???
24.3%
???
24.2%
???
24.1%
???
24.1%
???
24.1%
???
24.1%
???
24%
???
24%
???
24%
???
23.9%
???
23.8%
???
23.8%
???
23.8%
???
23.6%
???
23.6%
% Correct
???
23.4%
???
23.4%
???
23.4%
???
23.4%
???
23.4%
???
23.2%
???
23.1%
???
23%
???
23%
???
22.9%
???
22.9%
???
22.8%
???
22.8%
???
22.8%
???
22.7%
???
22.7%
???
22.7%
???
22.6%
???
22.6%
???
22.5%
???
22.4%
???
22.4%
???
22.3%
???
22.2%
???
22.2%
???
22.2%
???
22%
???
21.9%
???
21.9%
???
21.9%
???
21.8%
???
21.8%
???
21.7%
???
21.7%
???
21.5%
???
21.3%
???
21.3%
???
21.3%
???
21.3%
???
21.3%
???
21%
???
20.9%
???
20.8%
???
20.7%
???
20.5%
???
20.5%
???
20.3%
???
20.2%
???
20.1%
???
20%
???
20%
???
20%
???
19.8%
???
19.8%
???
19.7%
???
19.7%
???
19.5%
???
19.5%
???
19.4%
???
19.4%
???
19.4%
???
19.3%
???
19.2%
???
19.2%
???
19.2%
???
19.1%
% Correct
???
19.1%
???
19%
???
19%
???
18.9%
???
18.9%
???
18.8%
???
18.8%
???
18.7%
???
18.6%
???
18.5%
???
18.5%
???
18.3%
???
18.2%
???
18.1%
???
18%
???
18%
???
17.9%
???
17.9%
???
17.7%
???
17.6%
???
17.6%
???
17.6%
???
17.6%
???
17.6%
???
17.5%
???
17.4%
???
17.4%
???
17.2%
???
17.2%
???
17.2%
???
17%
???
17%
???
16.9%
???
16.9%
???
16.8%
???
16.7%
???
16.7%
???
16.5%
???
16.3%
???
16.3%
???
16.1%
???
16.1%
???
15.9%
???
15.9%
???
15.3%
???
14.9%
???
14.7%
???
14.3%
???
14.1%
???
14.1%
???
14.1%
???
14%
???
14%
???
13.5%
???
13.4%
???
12.9%
???
12.9%
???
12.8%
???
12.7%
???
12.5%
???
12.5%
???
12.2%
???
12.1%
???
11.7%
???
11.2%

You're not logged in!

Compare scores with friends on all Sporcle quizzes.
OR
Log In

Show Comments

Extras

Top Quizzes Today


Score Distribution

Your Account Isn't Verified!

In order to create a playlist on Sporcle, you need to verify the email address you used during registration. Go to your Sporcle Settings to finish the process.

Report this User

Report this user for behavior that violates our Community Guidelines.

Details: